000 00227nam a2200097 a 4500
005 20201002060653.0
008 180717s2018 000 spa d
245 3 _aLa casita.
260 _aSanto Domingo,
_c2018.
999 _c47161
_d47161
040 _aDO-SdBNP